Countries with the Most NHL Players per Capita - Statistics

General Stats
  • This quiz has been taken 42 times
  • The average score is 9 of 11
Answer Stats
Players/1M Answer % Correct
10.8 Canada
100%
0.83 United States
100%
8.5 Finland
98%
0.46 Russia
98%
9.5 Sweden
95%
3.0 Czech Republic
83%
1.0 Denmark
83%
2.0 Slovakia
73%
1.1 Switzerland
68%
2.7 Latvia
65%
0.47 Slovenia
58%
No matching quizzes found
Score Distribution
Percent of People with Each Score
Percentile by Number Answered
Your Score History
You have not taken this quiz